Global top 10 Milk Producers - Statistics

General Stats
  • This quiz has been taken 762 times
  • The average score is 8 of 10
Answer Stats
Place Country % Correct
1 U.S.A.
99%
3 China
94%
7 France
90%
6 Germany
89%
2 India
89%
10 U.K.
88%
5 Russia
87%
4 Brazil
84%
9 Turkey
46%
8 New Zealand
37%
No matching quizzes found
Score Distribution
Percent of People with Each Score
Percentile by Number Answered
Your Score History
You have not taken this quiz